| 000 | 02400nam0a2200373 4500 | ||
|---|---|---|---|
| 001 | RU\NLR\BIBL_A\016227610 | ||
| 005 | 20230215113134.0 | ||
| 021 |
_aRU _bКН-П-22-077162 _9КН-П-22-6743 |
||
| 035 | _a(NLR Aleph) 016227610 | ||
| 035 | _a(RuMoRGB)011339304 | ||
| 090 |
_a12757445 _c12757445 |
||
| 100 | _a20221205d2022 k y0rusy50 ca | ||
| 101 | 0 |
_arus _aeng |
|
| 102 | _aRU | ||
| 105 | _ay z 000zy | ||
| 181 | 0 |
_ai4 _baxxe |
|
| 182 | 0 | _an | |
| 200 | 1 |
_aСовременные проблемы гуманитарных и общественных наук _e[сборник статей] _fМинистерство науки и высшего образования РФ, ФГБОУ ВО "Воронежский государственный университет инженерных технологий", Региональное отделение общероссийской общественной организации содействия повышению уровня и качества исторического образования "Объединение преподавателей истории в вузах России" по Воронежской области _gредакционная коллегия: О.С. Корнеева, профессор Г. А. Быковская, Л. И. Первова (отв. редакторы) [и др.] |
|
| 203 |
_aТекст _bвизуальный _cнепосредственный |
||
| 210 |
_aВоронеж _cНаучная книга _d2022 |
||
| 215 |
_a146 с. _d21 |
||
| 225 | 1 |
_aСерия "Сохранение отечественного культурного наследия" _x2687-1289 _vвып. 1 (38) |
|
| 300 | _aЧасть текста парал. на рус. и англ. яз. | ||
| 320 | _aБиблиогр. в конце ст. | ||
| 606 | 1 |
_aГуманитарные науки _jСборники _92175177 _3RU\NLR\AUTH\661308230 |
|
| 686 | 1 | _aЧ21я43 | |
| 686 | 1 | _aС.я431 | |
| 702 | 1 |
_aКорнеева _bО. С. _gОльга Сергеевна _4340 |
|
| 712 | 0 | 2 |
_4570 _aВоронежский государственный университет инженерных технологий _9344131 _3RU\NLR\AUTH\8810229627 |
| 942 | _cBOOK | ||
| 980 | _aNB | ||